| 000 | 01102pam a2200289 a 4500 | ||
|---|---|---|---|
| 001 | 3906721 | ||
| 005 | 20151113114045.0 | ||
| 008 | 910920s1992 ilu b 001 0 eng | ||
| 010 | _a 91032390 | ||
| 020 | _a0226978540 (alk. paper) | ||
| 020 | _a0226978559 (pbk. : alk. paper) | ||
| 040 |
_aDLC _cDLC _dDLC |
||
| 050 | 0 | 0 |
_aB2784 _b.Z36 1992 |
| 082 | 0 | 0 |
_a121 _220 |
| 100 | 1 |
_aZammito, John H., _d1948- _921062 |
|
| 245 | 1 | 4 |
_aThe genesis of Kant's critique of judgment / _cJohn H. Zammito. |
| 260 |
_aChicago : _bUniversity of Chicago Press, _c1992. |
||
| 300 |
_aix, 479 p. ; _c24 cm. |
||
| 504 | _aIncludes bibliographical references (p. 427-453) and index. | ||
| 600 | 1 | 0 |
_aKant, Immanuel, _d1724-1804. _tKritik der Urteilskraft. _913823 |
| 600 | 1 | 0 |
_aKant, Immanuel, _d1724-1804 _xAesthetics. _921063 |
| 650 | 0 |
_aAesthetics. _921064 |
|
| 650 | 0 |
_aJudgment (Aesthetics) _921065 |
|
| 906 |
_a7 _bcbc _corignew _d1 _eocip _f19 _gy-gencatlg |
||
| 942 |
_2lcc _cMONOGRAPH |
||
| 999 |
_c123778 _d123778 |
||